000 00748nam a2200193Ii 4500
003 JO-AjNU
008 230605s9999||||xx |||||||||||||| ||und||
040 _aJO-AjNU
_bara
_erda
_cJO-AjNU
041 _aara
050 1 4 _aBP178.H3526 1965
100 3 _aالترمذي، الحكيم أبي عبد الله ؛ تقديم عبد الحليم محمود ؛ تحقيق حسني نصر زيدان,
_eauthor
_935749
245 0 0 _aالصلاة ومقاصدها
264 3 1 _aمصر: مطابع دار الكتاب العربي، 1965
300 _a174ص
336 _atext
_btxt
_2rdacontent
337 _aunmediated
_bn
_2rdamedia
338 _avolume
_bnc
_2rdacarrier
650 4 _aالصلاة- شروطها- عبادات- فقه اسلامي
_935750
999 _aA14789
_c18357
_d18357